MDQL
is popping MORE tags! Check the
thread
!
Quizzes
Events
Quiz Creation
Community
Videos
Private Events
Remove Ads
Sign In
Join for FREE
Feedback
Dark Mode
Quiz Categories
Sports
Geography
Music
Movies
Television
Just For Fun
Miscellaneous
History
Literature
Language
Science
Gaming
Entertainment
Religion
Holiday
For Kids
Quiz Lab
Recent
Popular Today
Quiz Kudos Today
Editor Picks
Curator Picks
Quizzes by...
Day
Popularity
Type
Ratings
Length
Year
Community
Subscriptions
Recent Discussions
Orange Saloon
Badges
Playlists
Quests
Create
Leaderboards
Showdown
Live 5
Trivia Bingo
Activity
Puzzle Library
Sporcle Events
Private Events
Virtual Trivia
Globe League
Become a Host
Pub Owners
SporcleCon
Opinionation
Our Games
Videos
Blog
Mobile Apps
Partnerships
Remove Ads and Go Orange
Feedback
Sports
Athletes
MLB
NBA
NHL
NFL
Soccer
Sports Teams
WWE
NCAA
Football
Premier League
Basketball
Baseball
Hockey
Golf
Tennis
Cricket
Rugby
Auto Racing
Olympics
World Cup
Sports
Athletes
MLB
NBA
NHL
NFL
Soccer
Sports Teams
WWE
NCAA
Football
Premier League
Basketball
Baseball
Hockey
Golf
Tennis
Cricket
Rugby
Auto Racing
Olympics
World Cup
Random Quiz
Search Sporcle
×
Quiz Lab
Quiz Lab
Sports
NFL
Type in answers that appear in a list
Type in answers that appear in a list
Classic
Best Score? Go Orange.
NFL Kickoff Returners by Team (06-10) Stats
Can you name the players that took the most amount of kickoff returns for their team (06-10)?
By
Nada
10m
160 Questions
106 Plays
106 Plays
106 Plays
Comments
Comments
Give Quiz Kudos
Give Quiz Kudos
-
- Ratings
hide this ad
Replay
Link that replays current quiz
Next Quiz
Link to next quiz in quiz playlist
You Got
0%
They Got
Avg Score
26%
Avg Friend Score
Upgrade to see
Score Distribution
Jump to the score distribution portion of the page
Score
0/160
Timer
10:00
0
Plays Today
% Correct
Devin Hester
90.6%
Mark Jones
74.5%
Felix Jones
74.5%
Brad Smith
72.6%
Clifton Smith
72.6%
Clifton Smith
72.6%
Fred Jackson
68.9%
Bethel Johnson
67.9%
Josh Cribbs
61.3%
Josh Cribbs
61.3%
Josh Cribbs
61.3%
Josh Cribbs
61.3%
Josh Cribbs
61.3%
DeAngelo Williams
60.4%
Tramon Williams
60.4%
Aaron Brown
56.6%
Darren Sproles
53.8%
Darren Sproles
53.8%
Darren Sproles
53.8%
Darren Sproles
53.8%
Mike Thomas
51.9%
Pierre Thomas
51.9%
Pierre Thomas
51.9%
Andre Hall
49.1%
Dante Hall
49.1%
Percy Harvin
49.1%
Percy Harvin
49.1%
Dante Hall
49.1%
Dante Hall
49.1%
Ted Ginn-Jr.
48.1%
Ted Ginn-Jr.
48.1%
Ted Ginn-Jr.
48.1%
Wes Welker
48.1%
Ted Ginn-Jr.
48.1%
Johnny Knox
45.3%
Leon Washington
45.3%
Leon Washington
45.3%
Leon Washington
45.3%
Leon Washington
45.3%
LaRod Stephens-Howling
40.6%
LaRod Stephens-Howling
40.6%
C.J. Spiller
38.7%
Michael Lewis
37.7%
Jacoby Ford
37.7%
Eric Weems
36.8%
Eric Weems
36.8%
Rashied Davis
36.8%
Eddie Royal
36.8%
Eddie Royal
36.8%
Andre Davis
36.8%
Andre Davis
36.8%
Andre Davis
36.8%
Brandon Tate
35.8%
Danieal Manning
34%
% Correct
Danieal Manning
34%
Maurice Jones-Drew
34%
Maurice Jones-Drew
34%
Jordy Nelson
32.1%
Jordy Nelson
32.1%
Emmanuel Sanders
30.2%
Pierre Garcon
27.4%
Steve Breaston
25.5%
Miles Austin
25.5%
Miles Austin
25.5%
Miles Austin
25.5%
Jamaal Charles
25.5%
Danny Amendola
25.5%
Danny Amendola
25.5%
Bernard Scott
24.5%
Steve Slaton
24.5%
Domenik Hixon
24.5%
Dexter McCluster
23.6%
Stefan Logan
21.7%
Stefan Logan
21.7%
Jerious Norwood
19.8%
Jerious Norwood
19.8%
Lardarius Webb
19.8%
Ahmad Bradshaw
19.8%
Ahmad Bradshaw
19.8%
Michael Turner
19.8%
Mike Goodson
18.9%
Mike Goodson
18.9%
Ellis Hobbs
18.9%
Ellis Hobbs
18.9%
Justin Miller
18.9%
Ellis Hobbs
18.9%
Marc Mariani
18.9%
Allen Rossum
17.9%
Allen Rossum
17.9%
Allen Rossum
17.9%
Josh Wilson
17.9%
Micheal Spurlock
17.9%
Micheal Spurlock
17.9%
Ryne Robinson
17%
Will Blackmon
17%
DJ Ware
17%
Chris Carr
17%
Chris Carr
17%
Michael Robinson
17%
Nate Burleson
17%
Nate Burleson
17%
Kenny Britt
17%
Chris Carr
17%
Leodis McKelvin
16%
Terrence McGee
16%
Terrence McGee
16%
Andre Caldwell
15.1%
Brandon Banks
15.1%
% Correct
Yamon Figurs
13.2%
Yamon Figurs
13.2%
Correll Buckhalter
13.2%
Johnnie Lee Higgins
12.3%
Glenn Holt
11.3%
Glenn Holt
11.3%
Courtney Roby
11.3%
Courtney Roby
11.3%
Rock Cartwright
11.3%
Rock Cartwright
11.3%
Rock Cartwright
11.3%
Rock Cartwright
11.3%
Laurence Maroney
10.4%
Laurence Maroney
10.4%
Chad Simpson
9.4%
Deji Karim
9.4%
Justin Forsett
9.4%
Eddie Drummond
8.5%
Eddie Drummond
8.5%
Chris Perry
7.5%
J.J. Arrington
6.6%
J.J. Arrington
6.6%
Jalen Parmele
6.6%
Eric Decker
6.6%
Brian Clark
5.7%
T.J. Rushing
5.7%
Maurice Hicks
5.7%
Maurice Hicks
5.7%
Maurice Hicks
5.7%
Chad Morton
4.7%
Quintin Demps
4.7%
Michael Pittman
4.7%
Akwasi Owusu-Ansah
3.8%
Aveion Cason
3.8%
Nolan Carroll
3.8%
Gary Russell
3.8%
Najeh Davenport
3.8%
Jorrick Calvin
3.8%
Willie Ponder
3.8%
Terrence Wilkins
2.8%
Brian Witherspoon
2.8%
Aundrae Allison
2.8%
Michael Griffin
2.8%
Brandon Middleton
1.9%
Dexter Wynn
1.9%
Justin Tryon
1.9%
Dantrell Savage
1.9%
Jonathan Holland
1.9%
B.J. Sams
0.9%
Vernand Morency
0.9%
Reno Mahe
0.9%
Bobby Wade
0.9%
Quiz Playlist
Details
Report
Send in Message
Add To Playlist
Classic:
Type in answers that appear in a list
Last Updated: Feb 16, 2017
Quiz Scoreboard
CHALLENGE
Sign Up to Join the Scoreboard
Show All
Scores
Hide
Comments
May contain spoilers
Recently Published
1-10 Letter E Words III
by El_Dandy
Language
2m
Street Fighter Characters
by Artimus82
Gaming
60s
College Basketball Coaching Resumes
by pancakes188
Sports
9m
More to Explore
Quiz From the Vault
Featured Blog Post
Where Did the Easter Bunny Come From?
hide this ad
You Might Also Like...
Tags
NFL Quiz
amount
kickoff
Player
Return
Returner
team
took
Today's Top Quizzes in Sports
Browse Sports
hide this ad
Today's Top Quizzes in NFL
Browse NFL
Top Contributed Quizzes in Sports
1
2022 World Cup Stars
2
Les meilleurs buteurs des matchs entre le PSG et l’OM
3
FIFA Club World Cup Champions
4
Les entraîneurs de l'OM et du PSG au 21e siècle
5
Criteria MLB: Left Handed Sluggers
6
2023 MLB Unique Player Accomplishments
7
AFC Teams Reveal (Wrong Answers Minefield)
8
Players with Multiple 50 Home Run Seasons
9
5-to-1: FBS Animal Nicknames
10
5-to-1: UK Sports Teams
Explore More
Trending Topics
Anime
Harry Potter
Disney
NBA
Marvel
Kpop
Crossword
Country
The Office
Song
NFL
Pokémon
Soccer
WWE
Puzzle
hide this ad
More By:
Nada
Quiz
Plays
Rating
Category
Featured
Created
You Wanna Know How I Got These Scars?
8,408
4.73
Movies
Dec 5, 2010
Top 50 2010 NBA Free Agents
4,169
4.12
Sports
May 16, 2010
MLB Power Hitters with Speed
1,551
4.33
Sports
Aug 22, 2010
Most Homeruns by Different Positions
790
2.55
Sports
May 7, 2010
Yes in different languages
650
4.10
Language
Jan 14, 2010
Go to Creator's Profile
Score Distribution
Quiz Creator Spotlight
Nada
Follow
Send a Message
Quizzes Created
-
Created Quiz Play Count
-
More By This Creator
Popular Quizzes Today
1
Find the US States - No Outlines Minefield
2
Find the Countries of Europe - No Outlines Minefield
3
The Countries of the World
4
Find the US States
5
Risky Map Clicking: Biggest States A-Z
6
US States
7
Popular People in 1961
8
Movies - When Are They Set?
More Sports Quizzes
Formula One: Best of the Rest 2012
Curator's Pick
Trending Quizzes
Risky Map Clicking: Least Populous States A-Z
1-10 Letter G Words
1-10 Letter F Words
Countries of the World: 200 Million BC
Risky Map Clicking: Next State Alphabetically
Recently Updated
Rides in Walt Disney World
pecheneg
Most Oscar Losses (Acting)
pecheneg
Beyoncé Albums
pecheneg
Leaping Animals
pecheneg
Reality TV Shows (A-Z)
bhenderson79
Rickey Henderson's Hall of Fame Teammates
pecheneg
Champions League XIs: Arsenal
pecheneg
Quick Pick: Celebrities in WWE's Hall of Fame
aduchscher
A-Z Keypad Blitz II
pecheneg
Multiple Oscar Actors
pecheneg
Trending Topics
Kpop
NBA
Marvel
Disney
Harry Potter
Anime
Crossword
Puzzle
WWE
Country
Soccer
The Office
Pokémon
NFL
Song
Your Account Isn't Verified!
In order to create a playlist on Sporcle, you need to verify the email address you used during registration. Go to your
Sporcle Settings
to finish the process.
Report this User
Report this user for behavior that violates our
Community Guidelines
.
Details:
Send Report
Go to the Sporcle.com Mobile Site →
Comments